| 000 | 00644nam a22001817a 4500 | ||
|---|---|---|---|
| 020 | _qHard Cover. | ||
| 082 | _a621.3 | ||
| 100 | _aMuhammad Farah Adeeb ; Muhammad Taha Mazari ; Zain ul Abdin | ||
| 245 |
_aPerson Detection in Aerial Images / _cMuhammad Farah Adeeb ; Muhammad Taha Mazari ; Zain ul Abdin |
||
| 260 |
_aIslamabad : _bSEECS - NUST, _c2019. |
||
| 300 |
_a65 p. : ill. ; _c30cm. |
||
| 563 | _aHBK | ||
| 650 | _aComputer Science-Project Report. | ||
| 700 | _aDr. Muhammad Shahzad. | ||
| 856 | _uhttp://10.250.8.41:8080/xmlui/handle/123456789/18564 | ||
| 942 |
_2ddc _cPR |
||
| 999 |
_c535906 _d535906 |
||